A Selection of African poetry / (Record no. 6813)

MARC details
000 -LEADER
fixed length control field 01061nam a2200205 a 4500
020 ## - INTERNATIONAL STANDARD BOOK NUMBER
ISBN 0582016835
022 ## - INTERNATIONAL STANDARD SERIAL NUMBER
ISSN 9780582016835
050 00 - CALL NUMBER
Classification number PL8011
Item number .S4
100 ## - AUTHOR
Personal name Senanu K.E.
245 02 - TITLE
Title A Selection of African poetry /
Statement of responsibility, etc introduced and annotated by K.E. Senanu and T. Vincent.
250 ## - EDITION
Edition statement Rev. and enl. ed., new ed.
260 ## - PUBLICATION INFORMATION
Place of publication Harlow, Essex, England :
Name of publisher Longman,
Year of publication 1988.
300 ## - DESCRIPTION
Number of Pages 320 p. ;
Dimensions 21 cm.
505 ## - FORMATTED CONTENTS NOTE
Table of Content Traditional poetry --<br/>Leopold Sedar Senghor --<br/>Birago Diop --<br/>Gabriel Imomotime Okara --<br/>Dennis Brutus --<br/>David Diop --<br/>Kwest Brew --<br/>Joseph Kariuki --<br/>David Rubadiri --<br/>Tchicaya U Tam'si --<br/>Okot p'Bitek --<br/>Lenrie Peters --<br/>Wole Soyinka --<br/>John Pepper Clark --<br/>Kofi Awoonor --<br/>Titus Chukwuemeka Nwosu --<br/>Yao Egblewogbe --<br/>Michael Echeruo --<br/>Kalu Uka --<br/>Taban Lo Liyong --<br/>Oswald Mbuyiseni Mtshali --<br/>Atukwei Okai --<br/>Mukhtarr Mustapha.
650 #0 - SUBJECTS
Topical Term African poetry.
650 #0 - SUBJECTS
Topical Term African poetry (English)
650 #0 - SUBJECTS
Topical Term African poetry
General subdivision Translations into English.
700 1# - OTHER AUTHORS
Personal name Vincent, Theo.
942 ## - ADDED ENTRY ELEMENTS (KOHA)
Koha item type Books
Holdings
Withdrawn status Lost status Collection code Home library Current library Shelving location Date acquired Full call number Accession Number Koha item type
    Reference Methodist University Library Main Methodist University Library Main General Stacks 26/02/2009 PL8011 .S4 24015 Books
    Reference Methodist University Library Main Methodist University Library Main General Stacks 26/02/2009 PL8011 .S4 24014 Books
    Reference Methodist University Library Main Methodist University Library Main General Stacks 26/02/2009 PL8011 .S4 37501 Books
    Reference Methodist University Library Main Methodist University Library Main General Stacks 26/02/2009 PL8011 .S4 37502 Books
Copyright © 2026  MUG Library